| 000 | 01107nam a2200253Ia 4500 | ||
|---|---|---|---|
| 003 | OSt | ||
| 005 | 20200814230638.0 | ||
| 008 | 191128s2004 ck gr 000 0 spa d | ||
| 020 | _a9588059461 | ||
| 040 |
_aCO-JMCR _cCO-JMCR |
||
| 041 | 0 | _aspa | |
| 082 | 0 | 4 |
_a345.02 / _bS669e _223 |
| 100 | 1 |
_aSánchez Herrera, Esiquio Manuel, _eautor _98828 |
|
| 245 | 1 | 0 |
_aEstudios procesales No. 3 / _cIsiquio Manuel Sánchez Herrera, José Joaquín Urbano Martínez y Carlos Arturo Gómez Pavajeau |
| 260 |
_aBogotá : _bProcuraduría General de la Nación, _c2004 |
||
| 300 |
_a81 páginas ; _c17 cm. |
||
| 490 | 0 |
_aPensamiento jurídico. Derecho penal ; _v14 |
|
| 505 | 0 | _aLa teoría del delito en un sistema de enjuiciamiento criminal acusatorio -- El principio de oportunidad en el proyecto de código de procedimiento penal -- Estado actual -- Origen del Fiscal General de la Nación | |
| 650 | 1 | 4 |
_aDerecho procesal _98829 |
| 650 | 1 | 4 |
_aProcedimiento penal _98830 |
| 700 | 1 |
_aUrbano Martínez, José Joaquín, _eautor _98831 |
|
| 700 | 1 |
_aGómez Pavajeau, Carlos Arturo, _eautor _9519 |
|
| 942 |
_2ddc _cBK |
||
| 999 |
_c4699 _d4699 |
||